| 000 | 00383nam a22001217a 4500 | ||
|---|---|---|---|
| 082 | _a220 PRO | ||
| 100 |
_aM. ALI FAZAL, RAYAN AHMED, NOUMAN ABBASI _971532 |
||
| 245 | _aPR-SOF-1462-Design and Development of Solar Parabolic Trough | ||
| 260 |
_aISLAMABAD _bNUST COLLEGE OF EME _c2015 |
||
| 650 | _aDE-MECH-33 | ||
| 700 |
_aAssistant Professor Saheeb Ahmad Kiani _971533 |
||
| 942 | _cCR | ||
| 999 |
_c577996 _d577996 |
||